[Event "ch-USA w"]
[Site "Saint Louis USA"]
[Date "2009.10.12"]
[Round "8"]
[White "Battsetseg, T."]
[Black "Abrahamyan, T."]
[Result "0-1"]
[WhiteElo "2265"]
[BlackElo "2342"]
[Annotator "Finegold, Ben"]
[PlyCount "70"]
[EventDate "2009.10.04"]
[EventType "tourn"]
[EventRounds "9"]
[EventCountry "USA"]
[EventCategory "2"]
[WhiteTeam "USA"]
[BlackTeam "USA"]
[WhiteTeamCountry "USA"]
[BlackTeamCountry "USA"]

1. e4 e6 {Tatev says "Homes, should I play the French or Sicilian?" She asks
everyone she knows, and decides just a few minutes before the game to stick to
her beloved French. Probably only GM Kaidanov is more beloved.} 2. d4 d5 3. Nd2
Be7 4. e5 {More popular are 4.Ngf3 and 4.Bd3. Tsagaan, as usual, plays the
most aggressive move.} c5 5. Qg4 g6 $5 {Usually, I like Kf8 when my g pawn is
attacked. Black may or may not castle, but g6 permanently weakens the dark
squares. GMs play both moves, but, 5...Kf8 is more common.} 6. dxc5 Nd7 7. Ngf3
Nxc5 {Looking at the games in my database, black has an excellent score in
this position. Chris Bird informed us in the commentary room, that Tsagaan
thought 46 minutes in this position! She plays a new move, but, black still
seems to be doing well.} 8. Qd4 $5 Bd7 9. Nb3 Rc8 {The game would be about
equal if white played the solid 10.c3. Instead, Tsagaan sacrifices a pawn, and
gets a strong initiative.} 10. Be3 $5 Nxb3 11. axb3 Rxc2 12. Qxa7 Qc8 $1 {An
excellent move, protecting b7, and making a nice battery on the c file.} 13.
Bd3 {Here I expected 13...Bb4+ so that black can use e7 for her knight. Tatev
decides to be greedy and take all she can. Reminds me of the bread at Olive
Garden!} Rxb2 14. O-O $6 {I could not help myself, and must say this move is
an error. White has the edge if she plays an immediate 14.Rc1! The ladies have
often not castled, or castled late, in this event, so, it is nice to see that
Rybka prefers delaying castling, instead, preferring to attack!} Rxb3 {No more
bread for Tatev. Can she stop the onslaught that is sure to come with her king
stuck on e8?} 15. Rfc1 Bc6 16. Bc2 {I was quite surprised by this move during
the live commentary! But, it actually is quite interesting, as white wants to
play Ba4 and destroy back's defenses. Tatev was worried now about her position,
but, she was quite happy about having an hour advantage on the clock! Tsagaan
had less than 20 minutes to make time control at this point.} Rc3 17. Ba4 (17.
Bd4 $1 Rc4 18. Nd2 $1 Rb4 19. Bc3 {..and white has the initiative.}) 17... Bxa4
18. Qxa4+ Kf8 19. Rxc3 Qxc3 20. Rc1 (20. Rb1 Kg7 21. Rxb7 Qa3 $13) 20... Qb4
21. Qd7 (21. Qxb4 Bxb4 22. Rb1 Be7 23. Rxb7 h6 $11) 21... Kg7 22. h4 h6 $1 {
Black defends the weak g5 square and gives herself the h7 square to maneuver
her pieces.} 23. Rc7 Qb1+ $1 24. Kh2 Qf5 25. Rxb7 {Now both players were in
time trouble, and, both players have played excellently. Now, Tatev gives
herself more room, and, somehow, takes over the initiative!} g5 $1 26. Kg1 ({
White should sacrifice her e pawn to open up more avenues (a1-h8 diagonal) to
the black king.} 26. Nd4 $1 Qxe5+ 27. Kg1 Qd6 28. Qe8 $14) 26... gxh4 27. Nd4
Qg6 28. Kh2 $6 (28. Kf1 $1 $11) 28... h3 $1 {Tatev's one minute battles with a
certain GM-elect have paid off. Black now can park her king in the h8 "chair"
whilst she swings her rook to the g file via h7, and take over the initiative!}
29. gxh3 Rh7 $1 30. Rb8 $2 {White needed to put more pressure on the black
pieces with 30.Nc6} Bg5 $2 (30... Kh8 $1 {..Tatev misses her chance to attack
along the g file immediately. The text move allows white to maintain an equal
game, but, with both sides having less than 3 minutes, the moves were fast and
furious.}) 31. Qe8 (31. Bxg5 $1 hxg5 32. Qe8 $11) 31... Kh8 $1 32. Nc6 $4 (32.
Nxe6 $1 {In the commentary room, we thought this was quite strong for white,
but, Rybka, as usual, shows that black has a great position after...} Bxe3 $1
33. fxe3 h5 $3 34. h4 Qg4 35. Qxg8+ Qxg8 36. Rxg8+ Kxg8 $17) 32... Bxe3 33. Ne7
Bf4+ 34. Kh1 Qe4+ 35. Kg1 Rg7+ {An incredible turnaround! White seemed to be
attacking the whole game, but, in mutual time trouble, black is the one who
seized the initiative with some imaginative tactics. What was white's error?
Maybe she did not realize that castling has not done well this event? One can
only *guess* that Tatev was awake until 2:30AM doing tactics problems on ICC!}
0-1

[Event "ch-USA w"]
[Site "Saint Louis USA"]
[Date "2009.10.12"]
[Round "8"]
[White "Fan, Yun"]
[Black "Goletiani, R."]
[Result "1-0"]
[WhiteElo "2201"]
[BlackElo "2437"]
[Annotator "Bird, Chris"]
[PlyCount "71"]
[EventDate "2009.10.04"]
[EventType "tourn"]
[EventRounds "9"]
[EventCountry "USA"]
[EventCategory "2"]
[WhiteTeam "USA"]
[BlackTeam "USA"]
[WhiteTeamCountry "USA"]
[BlackTeamCountry "USA"]

1. e4 c5 2. Nf3 e6 3. d4 cxd4 4. Nxd4 a6 5. c4 Nf6 6. Nc3 Qc7 ({Goletiani
normally plays} 6... Bb4 7. Bd3 Nc6 8. a3 Bc5 9. Nb3 Ba7 10. O-O d6 11. Kh1 e5
12. Qf3 h6 13. Nd5 Nxd5 14. exd5 Nd4 15. Nxd4 Bxd4 16. Qg3 g5 17. Be3 Bxe3 18.
fxe3 O-O 19. Rf2 Qe7 20. Raf1 f6 21. e4 Bd7 22. Qe3 b5 23. cxb5 Bxb5 24. Bxb5
axb5 25. Rc2 Rac8 26. Rc6 Rxc6 27. dxc6 Rc8 28. Qb3+ Kg7 29. Qxb5 Qc7 30. Rc1
Rb8 31. Qe2 Rb6 32. Qc2 Rb5 33. b4 d5 34. Qd3 {[%emt 0:33:25] 1-0 Shabalov,A 
(2593)-Goletiani, R (2332)/Philadelphia}) 7. a3 {Preventing the bishop from
pinning the knight.} Nc6 8. Be2 Ne5 ({A very rare continuation. Serbian GM
Ilan Miladinovic has had good results by trading the knights and putting his
bishop on the e5 square} 8... Nxd4 9. Qxd4 Bd6 10. Bg5 Be5 11. Qe3 h6 12. Bh4
b5 13. cxb5 Bxc3+ 14. bxc3 Nxe4 15. Bf3 f5 16. Bxe4 fxe4 17. b6 Qc6 18. O-O O-O
19. Rfd1 d5 20. c4 dxc4 21. Bg3 Bb7 22. Rd6 Qe8 23. Qd4 Rc8 24. Rd7 Rf7 25.
Rxf7 Qxf7 26. Rc1 Kh7 27. Be5 Qe7 28. h3 Qg5 29. Rc2 Rd8 30. Bd6 e3 31. f4 Qg6
{[%emt 0:33:26] 0-1 Kovacevic,A (2535)-Miladinovic,I (2607)/Pancevo}) 9. Be3 h5
10. h3 Ng6 11. Qd2 b6 12. f4 e5 $6 ({The simple} 12... Bb7 {seems more natural.
}) 13. fxe5 Qxe5 14. O-O-O $1 Bc5 15. Nf5 (15. b4 Be7 16. Nf3 Qe6 17. e5 $1 Nh7
(17... Nxe5 18. Nxe5 $1 Qxe5 19. Bf4 Qf5 20. Bd3 Qe6 21. Rhe1 Qc6 22. Qe3 $18)
18. Nd5 Bd8 19. Bd3 $18 {intending Qc2.}) 15... Bxe3 16. Qxe3 O-O 17. g4 (17.
Nd5 $1 Nxe4 18. Rd4 $1 Qxf5 (18... Nf6 19. Qxe5 Nxe5 20. Nxb6 $18) 19. Rxe4 $18
{threatening both Rf1 and Nxb6.}) 17... Nf4 18. gxh5 d5 $6 ({Better was} 18...
Nxe2+ 19. Qxe2 d5 $1 20. cxd5 Bxf5 21. exf5 Qxf5 $14) 19. Ne7+ $1 Qxe7 20. Qxf4
dxe4 21. Rhg1 Kh7 22. Qg5 Rg8 23. Nxe4 $1 {After this white is totally winning.
} Bb7 (23... Nxe4 $4 24. Qxe7) (23... Qxe4 $4 24. Bd3) 24. Nxf6+ Qxf6 25. Bd3+
Kh8 26. Qxf6 gxf6 27. h6 Bg2 $2 28. h7 Rg7 29. Rxg2 $1 {A simple but very
effective tactic.} Rxg2 30. Be4 Rc8 31. Bxg2 Rxc4+ 32. Kb1 Kxh7 33. Rd6 b5 34.
Rxf6 b4 35. axb4 Kg7 36. Rxf7+ 1-0

[Event "ch-USA w"]
[Site "Saint Louis USA"]
[Date "2009.10.12"]
[Round "8"]
[White "Zenyuk, I."]
[Black "Melekhina, A."]
[Result "1-0"]
[WhiteElo "2281"]
[BlackElo "2301"]
[Annotator "Bird, Chris"]
[PlyCount "85"]
[EventDate "2009.10.04"]
[EventType "tourn"]
[EventRounds "9"]
[EventCountry "USA"]
[EventCategory "2"]
[WhiteTeam "USA"]
[BlackTeam "USA"]
[WhiteTeamCountry "USA"]
[BlackTeamCountry "USA"]

1. d4 Nf6 2. c4 g6 3. Nc3 Bg7 4. e4 d6 5. Bg5 O-O 6. Qd2 Na6 7. f4 {A rare
continuation, continuing Zenyuk's current trend for this tournament.} c6 8. Bd3
({GM Varuzhan Akobian tried} 8. Nf3 {against Seth Homa at the 2007 Chicago Open
} Nc7 9. Bh4 d5 10. e5 Ne4 11. Qe3 Nxc3 12. bxc3 f6 13. Bd3 dxc4 14. Bxc4+ Nd5
15. Qd2 Bf5 16. O-O Kh8 17. a4 Qa5 18. Be1 Bh6 19. g3 Rad8 20. Bd3 fxe5 21.
Nxe5 Nf6 22. Rb1 Nd7 23. Bxf5 Rxf5 24. Ng4 Bg7 25. Ne3 Rff8 26. Qc2 c5 27. c4
Qa6 28. d5 Bd4 29. Bf2 Nb6 30. Rfc1 Rd7 31. Ng4 Qxa4 32. Bxd4+ cxd4 33. Qe4 {
[%emt 0:33:27] 1-0 Akobian,V (2574)-Homa,S/Oak Brook}) 8... Nc7 9. Nf3 Bg4 10.
Bc2 Ne6 {Black is doing ok from the opening as white's pawns may have
over-reached a little.} 11. O-O-O Nd7 12. Qf2 ({A move like} 12. Ne2 {would
have secured the pawns a little more but I feel Zenyuk had already seen the
pawn sacrifice coming and felt it possibly offered more.}) 12... Bxf3 13. gxf3
h6 14. Bh4 Nxf4 {Melekhina accepts the pawn. White has active pieces and an
open g-file in compensation.} 15. Qd2 g5 (15... Ne6 {and black gets some
counterplay against the d4 pawn with} 16. Ne2 c5) 16. Bf2 Nh3 17. Be3 e5 {
Melekhina thought this was worth putting her knight on the h3 square and
rerouting the white bishop from h4 to e3. I'm not so sure.} 18. Ne2 b5 19. cxb5
cxb5 20. Bb3 Nb6 21. Kb1 Qf6 22. Rhf1 Rfd8 23. Ng3 a5 $6 ({Black's attack
comes too slow. It was imperative to cut off the white bishop's scope with} 
23... Nc4 24. Bxc4 bxc4 25. Nf5 Rab8 $13) 24. dxe5 dxe5 25. Nh5 $1 {Black's
queen is trying to protect too many pieces.} Qg6 26. Qxd8+ $1 Rxd8 27. Rxd8+
Kh7 28. Ng3 a4 29. Bxf7 Qxf7 30. Bxb6 Qf6 $6 (30... Nf4 {Black has to bring
the wayward knight back into the game although defending this position may
prove difficult.}) 31. Ba5 $18 b4 32. Rd7 Qa6 33. Bc7 $6 (33. Bxb4 {was
simplest} Qb5 34. Rfd1 $1 Qxb4 35. Nf5 $18) 33... Qb5 34. Re7 $2 ({Zenyuk
throws away any advantage she had in time trouble} 34. Rfd1 Nf4 35. Nf5 Nh5 36.
Re7 {still leaves white with a winning advantage.}) 34... b3 $2 ({In mutual
time trouble Melekhina misses her chance to fight back in the game} 34... Qd3+
$1 35. Ka1 Kg6 {and Zenyuk would have had to play accurately to secure the
draw with} 36. Re6+ (36. Bxe5 $6 Bxe5 37. Rxe5 a3 38. Re6+ Kf7 $1 39. Rc6 Nf2
$1 40. Rfc1 axb2+ 41. Kxb2 Nd1+ 42. Rxd1 Qxd1 $17) 36... Kf7 37. Rd6 Qc2 38.
Nf5 a3 39. Rd7+ Kf6 40. Rd6+ Kf7 41. Rd7+ $11) 35. Bxe5 $18 {After black
missed the chance to equal the game, the rest is fairly easy for white and the
game is finished off in just a few more moves.} bxa2+ 36. Ka1 Kg8 37. Rxg7+ Kf8
38. Bc3 a3 39. Rd1 axb2+ 40. Bxb2 Qb6 41. Nf5 Nf4 42. Ba3+ Ke8 43. Nd6+ 1-0

[Event "ch-USA w"]
[Site "Saint Louis USA"]
[Date "2009.10.13"]
[Round "9"]
[White "Abrahamyan, T."]
[Black "Krush, I."]
[Result "1-0"]
[WhiteElo "2342"]
[BlackElo "2490"]
[Annotator "Finegold, Ben"]
[PlyCount "85"]
[EventDate "2009.10.04"]
[EventType "tourn"]
[EventRounds "9"]
[EventCountry "USA"]
[EventCategory "2"]
[WhiteTeam "USA"]
[BlackTeam "USA"]
[WhiteTeamCountry "USA"]
[BlackTeamCountry "USA"]

1. e4 c5 2. Nf3 e6 {Tatev said she was surprised at this move, and figured
Krush would play the classical with d6, cxd4, Nf6, and Nc6 as she has done
many times previously. Also, Krush likes to essay the O'Kelly with 2...a6,
which she has played twice previously against Tatev, with Irina scoring 2-0
those games!} 3. d4 cxd4 4. Nxd4 a6 5. Bd3 {This opening is a favorite of IM
Rusa Goletiani. Rusa was not having a good tournament, but maybe Krush liked
the ideas for black in this opening, and thought it her best chance for a
double-edged game she could win.} Bc5 6. Nb3 Be7 7. Qg4 g6 8. Qe2 d6 9. O-O Nd7
{Both players are following the main line. Now Tatev plays the unusual 10.
Bd2!? when 10.c4 is the main line. Tatev said she had played this way
previously. It is an interesting idea to put the Bc3 and Nbd2, so the c4 pawn
has more protection, and the Bc3 can be quite active.} 10. Bd2 b6 11. f4 Bb7
12. c4 Ngf6 13. Bc3 O-O 14. e5 {Jen and I thought this might be premature, but
Tatev thought she should have played e5 even earlier!} Nh5 15. N1d2 Qc7 {I
thought this position was dynamically equal. White has chances to build up a
kingside attack (as we shall see!) and black has a very solid, flexible
formation, with good counter-chances on the e5 and c4 weaknesses.} 16. Rae1
Rad8 17. Bb1 Rfe8 {This was a bit surprising, as it weakens f7, but, Krush
wanted to reposition her bishop, which is an excellent idea.} 18. Qg4 Bf8 19.
Qh3 Ng7 20. Be4 d5 {I was also mildly surprised by this move, as it gives up
the fight for e5, but Tatev expected Krush to play this way, as it fights for
the center, and c and d files.} 21. cxd5 Bxd5 22. Nf3 $6 ({Tatev correctly
pointed out that she should have played...} 22. Bxd5 exd5 23. Nf3 {..with a
slight edge to white.}) 22... Bc4 {Another surprise, but, Rybka says it is
best! Black now has good counter-chances on the queenside.} 23. Ng5 $1 h5 24.
Rf3 Be7 (24... Nc5 {and black has nice play.}) 25. Bb1 $6 {Tatev thought she
should have played 25.Bc2, so that after b5, she could play a3, and her Nb3 is
protected.} b5 26. g4 $5 {Both sides were in time trouble, so Tatev starts to
attack. Maybe it is not sound, but fun for the spectators (and commentators!).
Krush had less than 3 minutes at this point, so finding the proper defenses is
exceedingly difficult.} Bxg5 27. fxg5 Bxb3 28. axb3 Nc5 $2 ({Tatev was
expecting...} 28... Qc5+ $1 29. Rf2 b4 {...and she thought Krush had a much
better position. Rybka agrees.}) 29. gxh5 Nxh5 30. Qg4 a5 $6 (30... Nxb3 $1 $17
) 31. Rh3 $2 (31. b4 $1 $13) 31... Ng7 $2 (31... b4 $1 $17) 32. Rh6 Nxb3 (32...
b4 33. Qh4 $36) (32... Nh5 $13) 33. Qh4 Kf8 $5 (33... Nh5 34. Bxg6 $3 fxg6 35.
Rxg6+ Ng7 36. Rh6 $36) 34. Rh7 $6 (34. Rxg6 $1 fxg6 $2 (34... Nd2 35. Bxd2 Rxd2
36. Rxg7 $1 Kxg7 37. Qh6+ Kg8 38. Bh7+ Kh8 39. Be4+ Kg8 40. g6 $1 Qc5+ 41. Kh1
Qf2 42. Rg1 Qxh2+ 43. Qxh2 Rxh2+ 44. Kxh2 $18) 35. Qh8+ Kf7 36. Bxg6+ Kxg6 37.
Qh6+ Kf7 38. g6+ Kg8 39. Qh7+ Kf8 40. Qh8+ Ke7 41. Qxg7#) 34... Nf5 $2 (34...
Qc4 $1 $11) 35. Bxf5 Qc5+ 36. Kg2 exf5 37. Qh6+ (37. e6 $1 $18) 37... Ke7 38.
Rxf7+ $4 (38. Qxg6 $1 Qd5+ 39. Kf2 $18) 38... Ke6 $4 (38... Kxf7 $1 39. e6+ Ke7
{Tatev missed Ke7 (as probably Irina did, as she had less than 30 seconds left)
.} 40. Qxg6 Qc6+ 41. Kg1 Rd5 $19) 39. Qxg6+ Kd5 40. Qxf5 Kc4 {Neither side
lost on time, but, as the time control is made, it is clear white is winning.
A titanic struggle!} 41. Qe4+ Nd4 42. Bxd4 Qxd4 43. Qc2+ 1-0

[Event "ch-USA w"]
[Site "Saint Louis USA"]
[Date "2009.10.13"]
[Round "9"]
[White "Melekhina, A."]
[Black "Battsetseg, T."]
[Result "1-0"]
[WhiteElo "2301"]
[BlackElo "2265"]
[Annotator "Bird, Chris"]
[PlyCount "67"]
[EventDate "2009.10.04"]
[EventType "tourn"]
[EventRounds "9"]
[EventCountry "USA"]
[EventCategory "2"]
[WhiteTeam "USA"]
[BlackTeam "USA"]
[WhiteTeamCountry "USA"]
[BlackTeamCountry "USA"]

1. d4 {Melekhina plays 1.d4 for the first time in her life! She said she did
it because white gets good positions in the King's Indian Defense, which she
was expecting. I find it a little confusing she might say that though as
Melekhina herself plays the King's Indian!} g6 2. Nf3 Bg7 3. c4 Nf6 4. Nc3 O-O
5. e4 d6 6. Be2 Bg4 $5 {A great decision by Tsagaan to play an offbeat
variation guessing that Melekhina wasn't too acquainted with the white side of
the opening.} 7. Be3 Nfd7 {Melekhina went into a think here, having not seen
this position before, and came up with...} 8. a3 {which has not been played
before according to my database! Melekhina said that sometimes a3 is a useful
move in some lines of the King's Indian, saving a tempo if the move b4 is ever
needed to kick a knight out of c5.} c5 9. d5 Na6 10. h3 Bxf3 11. Bxf3 Nc7 12.
Qd2 a6 13. Bh6 b5 14. h4 Bxh6 15. Qxh6 f6 {Planning to meet h5 with g5 keeping
the kingside closed up.} 16. Be2 Ne5 17. Qe3 Nxc4 18. Bxc4 bxc4 19. f4 Rb8 20.
h5 g5 (20... Qe8 21. hxg6 Qxg6 22. O-O-O Kh8 $13) 21. fxg5 fxg5 (21... Rxb2 22.
g6 e5 $5 23. dxe6 Nxe6 24. O-O $44) 22. Qxg5+ Kh8 23. Qd2 Qd7 24. O-O-O Qg4 $1
{The best move, played in her usual time trouble.} 25. Rde1 Qf4 26. Re3 (26.
Qxf4 Rxf4 27. Rhf1 Rg4 $11) 26... Qe5 27. Rf3 Rf6 ({Swapping a couple of rooks
and simplifying the position may have been Tsagaan's best option, especially
when short of time} 27... Rxf3 28. gxf3 Rf8 29. Qe3 Nb5 {and black cannot be
losing this.}) 28. h6 Rbf8 29. Rhf1 Kg8 30. Kc2 $6 (30. a4 $5 {stopping the
black knight joining the game.}) 30... Nb5 $1 31. Nxb5 Qxe4+ 32. Kc1 axb5 33.
Re1 {A tough move to meet with little time on your clock. Where can the queen
go that will prevent white getting a mating attack?} Qd4 $2 (33... Qh4 34. Rxe7
Rxf3 35. Rg7+ Kh8 36. gxf3 Rxf3 {and black is a pawn up but both kings are
wide open.}) (33... Qg6 {was the other option} 34. Rxe7 Qxh6 35. Rg3+ Kh8 36.
Qxh6 Rxh6 37. Rb7 $11) 34. Qg5+ (34. Qg5+ Rg6 (34... Kf7 35. Qg7+ Ke8 36. Qxe7#
) 35. Rxf8+ Kxf8 36. Qxe7+ Kg8 37. Qe8#) 1-0

[Event "ch-USA w"]
[Site "Saint Louis USA"]
[Date "2009.10.13"]
[Round "9"]
[White "Goletiani, R."]
[Black "Zenyuk, I."]
[Result "1-0"]
[WhiteElo "2437"]
[BlackElo "2281"]
[Annotator "Bird, Chris"]
[PlyCount "81"]
[EventDate "2009.10.04"]
[EventType "tourn"]
[EventRounds "9"]
[EventCountry "USA"]
[EventCategory "2"]
[WhiteTeam "USA"]
[BlackTeam "USA"]
[WhiteTeamCountry "USA"]
[BlackTeamCountry "USA"]

1. Nf3 Nf6 2. c4 g6 3. g3 Bg7 4. Bg2 d6 5. d3 O-O 6. O-O Nc6 7. Nc3 e5 8. Bg5
h6 9. Bxf6 Bxf6 10. Rb1 a5 11. a3 Be6 ({Zenyuk varies first from Goletiani's
recent game at the Women's World Team Championship in China} 11... Bg7 12. b4
axb4 13. axb4 f5 14. b5 Ne7 15. Nd2 g5 16. Qb3 Kh8 17. Ra1 Rb8 18. Ra7 f4 19.
Rfa1 Nf5 20. Ra8 Nd4 21. Qd1 Rxa8 22. Rxa8 c6 23. Bh3 Nf5 24. Qb3 Qc7 25. bxc6
bxc6 26. Qb8 Qxb8 27. Rxb8 Be6 28. Rb6 Rc8 29. Nb3 Nd4 30. Bxe6 Nxe6 31. Na5
Nd8 32. Kg2 Kg8 33. Ra6 Bf8 34. Ra7 Nf7 35. Ne4 Kg7 36. Rd7 d5 37. cxd5 cxd5
38. Rxd5 Kg6 39. Nc4 Bg7 40. Rd7 Rc6 41. g4 Ra6 42. Ned6 Nxd6 43. Rxd6+ Rxd6
44. Nxd6 h5 45. h3 hxg4 46. hxg4 Bf8 47. Nc4 Kf6 48. Kf3 Bc5 49. Ke4 Bxf2 50.
Nxe5 Be1 51. Kd5 Ba5 52. Nd7+ Ke7 53. Nc5 Kf6 54. Ne4+ Kg6 55. Ke6 Bb6 56. Nd2
{[%emt 0:33:29] 1-0 Goletiani,R (2391)-Ju Wenjun (2443)/Ningbo CHN}) 12. Nd2
Qd7 13. Re1 Bg7 14. b4 axb4 15. axb4 e4 $1 {A normal tactic to watch for in
this position, which Goletiani admitted she didn't see until after she had
played 14.b4. The idea doesn't actually win material but gives the bishop on
g7 much more life rather than being blocked in by it's own pawn on e5.} 16. b5
(16. Ncxe4 $2 f5) (16. Ndxe4 $2 f5) 16... Ne7 17. Qc2 exd3 18. Qxd3 Bf5 $5 {
Zenyuk wants white to put a pawn on e4, blocking in her own bishop on g2 just
like the g7 bishop used to be blocked in.} 19. e4 Be6 20. Ne2 Ra2 21. Nb3 Kh8
22. Nf4 Rfa8 23. Nxe6 Qxe6 (23... fxe6 $2 24. e5 $1 {and white's bishop comes
back to life.}) 24. e5 dxe5 25. Bxb7 {Ben Finegold pointed out in the
commentary room the amusing aspect of black's bishop on g7 being blocked in
again by it's own pawn on e5 while the white bishop now has an open diagonal
to work on.} Qb6 $1 26. Qf3 R8a3 27. Ba6 f5 28. c5 Qe6 29. Qa8+ Kh7 30. Nc1 $5
{Both players were running short of time.} Ra1 $6 (30... Rc2 {was necessary}
31. b6 cxb6 32. cxb6 e4 $1 33. b7 Rxa6 34. b8=Q Rxa8 35. Qxa8 Nc6 $44) 31. Rxa1
Rxa1 32. Nd3 $6 (32. Bc8 $1 Rxa8 33. Bxe6 Ra5 34. Bd7 {and it's anyone's game.}
) 32... Rxe1+ 33. Nxe1 e4 34. Qd8 e3 $1 35. b6 exf2+ 36. Kxf2 cxb6 37. cxb6 Nc6
(37... Nd5 $1 {and the b-pawn falls in all variations} 38. b7 Bd4+ $1 39. Kg2 (
39. Kf1 $2 Qxa6+ 40. Kg2 Qe2+ 41. Kh3 Nf4+) 39... Ne3+ 40. Kg1 (40. Kf2 $2 Ng4+
41. Kg2 Qa2+) (40. Kh3 $2 f4+) 40... Qxa6 $1 41. Qe7+ Bg7 42. Qxe3 Qxb7) 38.
Qc7 Nd4 $2 (38... Qa2+ 39. Ke3 (39. Be2 Nd4 $1) 39... Qb3+ $11) 39. Bc4 $1 $18
Qe4 40. b7 f4 (40... Nc6 41. Bb5 Nb8 42. Nf3 $1 $18) 41. b8=Q 1-0